01466nam a2200349Ia 4500001001200000003000800012006001900020007001500039008004100054010001700095020001800112020001500130020001800145020001500163040002100178035002100199050002300220245016300243260004600406300003300452504006600485533015200551650002500703651007600728651006600804655002900870700003200899700002700931710001700958856012600975999001501101ebr10271414CaPaEBRm u cr cn|||||||||021101s2003 enkab sb 001 0 eng d z 2002042552 z9780198153139 z0198153139 z9780199216499 z0199216495 aCaPaEBRcCaPaEBR a(OCoLC)24107062814aCN365b.G74 2003eb00aGreek historical inscriptions, 404-323 BCh[electronic resource] /cedited with introduction, translations, and commentaries by P.J. Rhodes and Robin Osborne. aOxford :bOxford University Press,c2003. axxxii, 593 p. :bill., maps. aIncludes bibliographical references (p. [547]-560) and index. aElectronic reproduction.bPalo Alto, Calif. :cebrary,d2009.nAvailable via World Wide Web.nAccess may be limited to ebrary affiliated libraries. 0aInscriptions, Greek. 0aGreecexHistoryySpartan and Theban Supremacies, 404-362 B.C.vSources. 0aGreecexHistoryyMacedonian Expansion, 359-323 B.C.vSources. 7aElectronic books.2local1 aRhodes, P. J.q(Peter John)1 aOsborne, Robin,d1957-2 aebrary, Inc.40uhttp://site.ebrary.com/lib/rucke/Doc?id=10271414zAn electronic book accessible through the World Wide Web; click to view c7291d7291